| 000 | 00878nam a2200265Ia 4500 | ||
|---|---|---|---|
| 003 | OSt | ||
| 005 | 20220923211557.0 | ||
| 006 | a|||||r|||| 00| 0 | ||
| 007 | ta | ||
| 008 | Pun | ||
| 020 |
_a9789385670947 (hbk) _c225 |
||
| 024 | _a324,065 | ||
| 037 |
_b1010, 15/01/2018, H.K. Prakashan _cTextual |
||
| 040 |
_aARTS _cARTS _bPun |
||
| 041 |
_2Pun _aPun |
||
| 082 | _aO153,3N201x, Q7 | ||
| 100 |
_aਹਰਭਜਨ ਸਿੰਘ, ਂਚ. _9156363 |
||
| 245 | 0 | _aਰੂਹ ਤੇ ਉਕਰੇ ਚਿੱਤਰ | |
| 260 |
_aਪਟਿਆਲਾ _b ਗ੍ਰੇFਿਅਸ _c2017 |
||
| 300 |
_a230ਪੰ _ccm. |
||
| 650 | _a ਪੰਜਾਬੀ ਕਹਾਣੀ | ||
| 650 |
_aਪੰਜਾਾਬੀ ਸਾਹਿਤ _9156350 |
||
| 942 |
_hO153,3N201x, Q7 _cTEXL _2CC |
||
| 999 |
_c300935 _d300935 |
||